[Event "Wroclaw Anderssen Memorial op"]
[Site "Wroclaw"]
[Date "2024.08.15"]
[Round "9"]
[White "Pelczarski, Wojciech"]
[Black "Przymus, Marcin"]
[Result "1-0"]
[WhiteElo "1690"]
[BlackElo "1523"]
[PlyCount "87"]
[EventDate "2024.08.15"]
[EventType "swiss (blitz)"]
[EventRounds "9"]
[EventCountry "POL"]
[SourceTitle "CBM 221 Extra"]
[Source "ChessBase"]
[SourceDate "2024.09.30"]
[SourceVersion "1"]
[SourceVersionDate "2024.09.30"]
[SourceQuality "1"]

1. d4 d5 2. Nf3 Nf6 3. Bf4 e6 4. e3 Bd6 5. Bg3 0-0 6. Bd3 Nbd7 7. c3 Ne4 8. Nbd2 Ndf6 9. 0-0 Bd7 10. Bh4 c5 11. Nxe4 dxe4 12. Bxf6 Qxf6 13. Bxe4 Rfd8 14. Re1 Rac8 15. Qc2 b6 16. Bxh7+ Kh8 17. Bd3 Bc6 18. e4 e5 19. d5 Bd7 20. c4 Bg4 21. Be2 g6 22. Nd2 Bd7 23. Qd1 Qg5 24. Nf3 Qh6 25. Qd2 Qh7 26. Rac1 Kg7 27. Ng5 Qh6 28. Rc3 Rh8 29. h3 Be7 30. Rg3 Qh4 31. Bd3 Rh5 32. Nf3 Qf6 33. Qe3 Rch8 34. Nh2 Qd6 35. Ng4 Bxg4 36. Rxg4 Qd7 37. Qg3 Bf6 38. Re3 Qe7 39. Rf3 Bg5 40. d6 Qd8 41. Qxe5+ Kf8 42. Qd5 Qd7 43. e5 f5 44. e6 1-0